000 00911nam a22002651u 4500
001 05258
003 HDC
007 cr bn ---
008 210119p xx fo d 00 engg
040 _aHDC
100 _aAzhar Embi
_eauthor
_95503
245 0 _aMUSLIM FRIENDLY TOURIST GUIDE
_b: Perspective from Malaysian Standard /
_cby Azhar Embi
260 _a[No place] :
_b[publisher not identified],
_c2015
300 _a19 pages :
_bIllustrations
336 _atext
_2rdacontent
337 _acomputer
_2rdamedia
338 _aonline resource
_2rdacarrier
650 _aHalal Industry
_9144
650 _aHospitality services
_95505
650 _aTourist guide
_95504
856 _zRequest full-text at [email protected]
942 _2lcc
942 _cSLIDE
942 _kSLID 000370
999 _c2582
_d2582